Mediation special (Record no. 68435)
[ view plain ]
| 000 -LEADER | |
|---|---|
| fixed length control field | 01172cam a2200253 4500 |
| 001 - CONTROL NUMBER | |
| control field | ABS64526 |
| 008 - FIXED-LENGTH DATA ELEMENTS--GENERAL INFORMATION | |
| fixed length control field | 011002n2001 000 0 eng u |
| 035 ## - SYSTEM CONTROL NUMBER | |
| System control number | (Sirsi) u114945 |
| 100 ## - MAIN ENTRY--PERSONAL NAME | |
| Personal name | Cornell, P. |
| 245 ## - TITLE STATEMENT | |
| Title | Mediation special |
| 260 ## - PUBLICATION, DISTRIBUTION, ETC. | |
| Date of publication, distribution, etc. | 2001 |
| 490 ## - SERIES STATEMENT | |
| Series statement | Building |
| Volume/sequential designation | 266(8202) 21 September 2001, 58-60(3) |
| 520 ## - SUMMARY, ETC. | |
| Summary, etc. | A useful introduction to mediation. Gives a flavour of what's involved in this increasingly fashionable method of dispute resolution by setting out a "day in the life" account of a real-life mediation between an employer and a turnkey contractor. Also offers guidance on how to conduct a successful mediation. Discusses the importance of preparation and setting objectives, and looks at the mediation meeting itself. Finally, includes a discussion with Karen Gough, the new president of the Chartered Institute of Arbitrators. |
| 590 ## - LOCAL NOTE (RLIN) | |
| Local note | ABS |
| 650 ## - SUBJECT ADDED ENTRY--TOPICAL TERM | |
| Topical term or geographic name entry element | MEDIATION |
| 650 ## - SUBJECT ADDED ENTRY--TOPICAL TERM | |
| Topical term or geographic name entry element | CHARTERED INSTITUTE OF ARBITRATORS |
| 650 ## - SUBJECT ADDED ENTRY--TOPICAL TERM | |
| Topical term or geographic name entry element | ALTERNATIVE DISPUTE RESOLUTION |
| 650 ## - SUBJECT ADDED ENTRY--TOPICAL TERM | |
| Topical term or geographic name entry element | BUILT ENVIRONMENT |
| 690 ## - LOCAL SUBJECT ADDED ENTRY--TOPICAL TERM (OCLC, RLIN) | |
| Topical term or geographic name as entry element | Dispute resolution |
| 9 (RLIN) | 6236 |
| 700 ## - ADDED ENTRY--PERSONAL NAME | |
| Personal name | Williams, J. |
| 700 ## - ADDED ENTRY--PERSONAL NAME | |
| Personal name | Hill, C. |
| 700 ## - ADDED ENTRY--PERSONAL NAME | |
| Personal name | Wiles, W. |
| 942 ## - ADDED ENTRY ELEMENTS (KOHA) | |
| Suppress in OPAC | 0 |
| Withdrawn status | Lost status | Source of classification or shelving scheme | Damaged status | Not for loan | Home library | Current library | Shelving location | Date acquired | Total Checkouts | Full call number | Barcode | Date last seen | Copy number | Price effective from | Koha item type |
|---|---|---|---|---|---|---|---|---|---|---|---|---|---|---|---|
| Dewey Decimal Classification | London | London | Journal article | 02/10/2001 | ABS64526 | 114945-1001 | 06/08/2019 | 1 | 06/08/2019 | Journal article |